| 000 | 00432nam a2200181Ia 4500 | ||
|---|---|---|---|
| 003 | 0STCL | ||
| 008 | 150530s9999 xx 000 0 und d | ||
| 040 |
_aSTCL _cSTCL |
||
| 100 | _aVaidyamatom Cheriya Narayanan Namboodri | ||
| 245 | _aDeerghayussum Aayuvedhavum | ||
| 250 | _a3 | ||
| 260 |
_bD C Books ; Kottayam _c2004 |
||
| 300 | _a0 | ||
| 546 | _aMalayalam | ||
| 942 |
_2ddc _cBK |
||
| 999 |
_c40233 _d40233 |
||
| 005 | 20220125170514.0 | ||